01036cam a2200265 a 450000100100000000500170001000800410002704000250006808200230009310000200011624500470013625000110018326000420019430000330023649000220026949000230029150000420031450001060035650400270046265000360048971000790052571001190060483000220072383000250074500000148620200929145608.0790224s1978 dcua 001 0 spa  aDO-SdBNPbspacBNPHU a539.7bS122f, 19781 aSaavedra, Igor.10aFísica de partículas /cIgor Saavedra. a2a ed. aWashington :bEva V. Chesneau,c1978. avii, 101 p. :bil. ;c22 cm.1 aSerie de física1 aMonografíavno.4 aIncluye notas al pie de las páginas aEn la portada: Deparmento de Ciencias Físicas y Matemática, Universidad de Chile. Santiago, Chile aBibliografía: p. 99. 4aPartículas (física nuclear)1 aUniversidad de Chile.bDepartamento de Ciencias Físicas y Matemáticas.1 aSecretaría General de la Organización de los Estados Americanos (OEA).bDepartamento de Asuntos Científicos. 0aSerie de física 0aMonografía ;vno.4